000
00296nam a22001337a 4500
008
170822b xxu||||| |||| 00| 0 eng d
020
_a
9780618221769
041
_a
eng
080
_2
3RD
_a
51
100
_a
38
101
_a
MAT
245
_a
ELEMENTARY GEOMETRY
_c
ALEXANDER,D.C
942
_2
udc
_c
BK
999
_c
24509
_d
24509